000 00407nam a2200181Ia 4500
005 20250423101244.0
008 250422s9999 xx 000 0 und d
020 _a0-440-21145-x
050 _aPS 3557 .R5355/
100 _aGrisham, Jonh
245 4 _aThe firm
260 _aNew York
260 _bDell Publishers Inc.
260 _c1991
300 _a501 p
650 _aLiterature
942 _cBK
999 _c35762
_d35762